Mixed Word: Mystery Theme VI Quiz Stats

 Plays Quiz Updated May 3, 2012

Support Sporcle.
Go Orange.
Score 0/16 Timer 03:00
1 Play Today
Hint Answer % Correct
CPUCup
99.7%
NAPPan
99.1%
FEECOFCoffee
95.1%
CEI MARECIce Cream
94.3%
TRIFUFruit
93.3%
SECEEHCheese
90.8%
UNPODPound
84.2%
PICSESpice
83.1%
Hint Answer % Correct
TDUBNBundt
80%
PGONESSponge
79.9%
PIESDU NOWDUpside Down
79.8%
LANEG FODOAngel Food
79.8%
Mystery Theme:Cake
78.2%
BEAMRLMarble
67.1%
DIEDGNWWedding
61.8%
BDIHAYRTBirthday
59.8%

You're not logged in!

Compare scores with friends on all Sporcle quizzes.
OR
Log In

From the Vault

Complete the Action Movies (2010s)

by beforever

This quiz will probably be a bit less action packed. Budget cuts, you know how it is.
Remove Ads.
Support Sporcle.
Get the best of Sporcle when you Go Orange. This ad-free experience offers more features, more stats, and more fun while also helping to support Sporcle. Thank you for becoming a member.

Show Comments

Extras

Top Quizzes Today


Score Distribution

Your Account Isn't Verified!

In order to create a playlist on Sporcle, you need to verify the email address you used during registration. Go to your Sporcle Settings to finish the process.

Report this User

Report this user for behavior that violates our Community Guidelines.

Details: